Principles of accounting / (رقم التسجيلة. 149480)

تفاصيل مارك
000 -LEADER
fixed length control field 00906nam a2200301 a 4500
008 - FIXED-LENGTH DATA ELEMENTS--GENERAL INFORMATION
fixed length control field 990125s1999 maua b 001 0 eng
010 ## - LIBRARY OF CONGRESS CONTROL NUMBER
LC control number 98072069
020 ## - INTERNATIONAL STANDARD BOOK NUMBER
International Standard Book Number 0395927587
040 ## - CATALOGING SOURCE
Original cataloging agency DLC
Transcribing agency DLC
050 00 - LIBRARY OF CONGRESS CALL NUMBER
Classification number HF5635
Item number .N35 1999
082 00 - DEWEY DECIMAL CLASSIFICATION NUMBER
Classification number 657
Edition number 21
092 04 - LOCALLY ASSIGNED DEWEY CALL NUMBER (OCLC)
Classification number 657
Item number P9574 1999
Edition number 21
099 ## - LOCAL FREE-TEXT CALL NUMBER (OCLC)
Classification number 04
-- 657 P9574 1999
100 1# - MAIN ENTRY--PERSONAL NAME
Personal name Needles, Belverd E.
245 10 - TITLE STATEMENT
Title Principles of accounting /
Statement of responsibility, etc. Belverd E. Needles Jr. , Marian Powers, Susan V. Crosson.
250 ## - EDITION STATEMENT
Edition statement 7th ed.
260 ## - PUBLICATION, DISTRIBUTION, ETC.
Place of publication, distribution, etc. Boston :
Name of publisher, distributor, etc. Houghton Mifflin Co.,
Date of publication, distribution, etc. c1999.
300 ## - PHYSICAL DESCRIPTION
Extent xlvi, 1229 p. :
Other physical details col. ill. ;
Dimensions 29 cm.
504 ## - BIBLIOGRAPHY, ETC. NOTE
Bibliography, etc. note Includes bibliographical references and indexes.
650 #0 - SUBJECT ADDED ENTRY--TOPICAL TERM
Topical term or geographic name entry element Accounting.
700 1# - ADDED ENTRY--PERSONAL NAME
Personal name Crosson, Susan V.
700 1# - ADDED ENTRY--PERSONAL NAME
Personal name Powers, Marian.
902 ## - LOCAL DATA ELEMENT B, LDB (RLIN)
No. of Items 1
905 ## - LOCAL DATA ELEMENT E, LDE (RLIN)
Cataloger Eman
Reviser Rev
905 ## - LOCAL DATA ELEMENT E, LDE (RLIN)
Cataloger Jihan
Reviser cat
942 ## - ADDED ENTRY ELEMENTS (KOHA)
Source of classification or shelving scheme Dewey Decimal Classification
Koha item type Books
المقتنيات
Source of classification or shelving scheme Not for loan Home library Current library Date acquired Full call number Barcode Date last seen Copy number Koha item type
Dewey Decimal Classification   المكتبة المركزبة الجديدة - جامعة القاهرة مخزن الكتب - البدروم 11.02.2024 657 P9574 1999 Store 01000110203269000 23.09.2023 C.1 Books
Cairo University Libraries Portal Implemented & Customized by: Eng. M. Mohamady Contacts: new-lib@cl.cu.edu.eg | cnul@cl.cu.edu.eg
CUCL logo CNUL logo
© All rights reserved — Cairo University Libraries
CUCL logo
Implemented & Customized by: Eng. M. Mohamady Contact: new-lib@cl.cu.edu.eg © All rights reserved — New Central Library
CNUL logo
Implemented & Customized by: Eng. M. Mohamady Contact: cnul@cl.cu.edu.eg © All rights reserved — Cairo National University Library